| 000 | 00583nam a22002057a 4500 | ||
|---|---|---|---|
| 999 |
_c6685 _d6685 |
||
| 003 | OSt | ||
| 005 | 20200302131217.0 | ||
| 008 | 200302b ||||| |||| 00| 0 eng d | ||
| 020 | _a0198552866 | ||
| 040 | _c040a | ||
| 082 |
_a541 _bSOL 1987 |
||
| 245 |
_aSolid state chemistry techniques / _cA. K. Cheetham, Peter Day |
||
| 260 |
_aOxford _bClarendon press _c1987 |
||
| 300 |
_axvi, 398p; _bill : _c20 cm. |
||
| 504 | _aIncludes bibliographical references and index | ||
| 650 | _2Chemistry | ||
| 700 |
_aCheetham, A.K _913745 |
||
| 700 |
_aDay, Peter _913746 |
||
| 942 |
_2ddc _cO_SHELF |
||